000 00542nam a22002177a 4500
003 UA-OsUOA
001 74652
007 ta
008 20110414b un ||||| |||| 00| 0 ukr d
100 _aМихайловский А.В.
090 _a101
_bМ69
942 _cSA
040 _aUA-OsUOA
_bukr
_cUA-OsUOA
_dUA-OsUOA
245 _aФилософия техники Ханса Фрайера
300 _aС.62-73
955 _a0
041 _aukr
080 _a101
773 0 _w74647
650 7 _a1 Філософські науки
_2UDC
999 _c360947
_d360947